Statistiken für Meistbenutze Deutsche Wörter

Klicken Sie hier um das Quiz zu spielen!

Allgemein

  • Dieses Quiz wurde 406 mal gespielt
  • Das Durchschnittsergebnis liegt bei 21 aus 50

Antwortstatistiken

Wort% Korrekt
das
84%
Das
84%
die
84%
Die
84%
sie
84%
Sie
84%
der
82%
Der
82%
er
81%
es
80%
und
68%
ein
57%
ist
55%
den
53%
wie
53%
eine
51%
auf
43%
in
42%
so
42%
um
42%
an
38%
war
38%
zu
38%
haben
36%
als
34%
dem
33%
mit
33%
dass
32%
des
32%
nicht
32%
von
31%
sind
29%
am
28%
einer
28%
für
28%
im
28%
bei
27%
hat
21%
noch
20%
zum
20%
auch
19%
aus
18%
nach
18%
über
18%
einen
14%
einem
13%
werden
13%
nur
11%
wird
11%
sich
7%

Verteilung der Resultate

Perzentil nach korrekt beantworteten Fragen

Anzahl Personen mit jedem Resultat

Ihre Resultats-Entwicklung

Sie haben dieses Quiz noch nicht gespielt